| 000 | 02062nam0a2200337 4500 | ||
|---|---|---|---|
| 001 | RU\NLR\BIBL_A\022573952 | ||
| 005 | 20260408230746.0 | ||
| 010 |
_a978-5-9912-1108-6 _9500 |
||
| 035 | _a(NLR Aleph) 022573952 | ||
| 090 |
_a13469622 _c13469622 |
||
| 100 | _a20250626d2024 u y0rusy50 ca | ||
| 101 | 0 | _arus | |
| 102 | _aRU | ||
| 105 | _aa|||j|||000yy | ||
| 181 | 0 |
_ai3 _baxxe |
|
| 182 | 0 | _an | |
| 200 | 1 |
_aТехническая эксплуатация волоконно-оптических линий передачи информации _eучебник для студентов, обучающихся по направлениям подготовки 11.03.02 - "Инфокоммуникационные технологии и системы связи" (бакалавриат), 11.04.02 - "Инфокоммуникационные технологии и системы связи" (магистратура) _fН. И. Лихачев, А. б. Семенов, Н. А. Шишова _gпод редакцией А. Б. Семенова |
|
| 203 |
_aТекст _bвизуальный _cнепосредственный |
||
| 210 |
_aМосква _cГорячая линия - Телеком _d2024 |
||
| 215 |
_a287 с. _cил., табл. _d22 |
||
| 225 | 1 | _aУчебник для вузов | |
| 320 | _aБиблиогр.: с. 282 (12 назв.) | ||
| 606 |
_aВолоконно-оптические линии связи _xЭксплуатация _jУчебники для высших учебных заведений _3RU\NLR\AUTH\6601762912 _92686691 |
||
| 686 | 1 | _aЗ889.79-082я73-1 | |
| 700 | 1 |
_aЛихачев _bН. И. _gНиколай Иванович |
|
| 701 | 1 |
_8rus _7ca _aСеменов _bА. Б. _cд-р техн. наук _gАндрей Борисович _3RU\NLR\AUTH\7754145 _937077 |
|
| 701 | 1 |
_aШишова _bН. А. _gНадежда Альвиновна |
|
| 942 | _cBOOK | ||
| 980 | _aNB | ||